Effectif Borussia Dortmund saison 2024/2025 - Statistiques

Statistiques générales
  • Ce quiz a été pris 179 fois
    88 depuis la dernière actualisation
  • Le résultat moyen est 15 sur 26
Statistiques - réponses
Hint Réponse % Correct
G Gregor Kobel
94%
A Karim Adeyemi
90%
M Julian Brandt
87%
D Nico Schlotterbeck
83%
A Serhou Guirassy
81%
M Emre Can
79%
A Jamie Bynoe-Gittens
79%
D Julian Ryerson
77%
D Niklas Süle
77%
Coach Nuri Şahin
70%
D Ramy Bensebaïni
66%
D Waldemar Anton
63%
A Donyell Malen
61%
M Marcel Sabitzer
60%
A Maximilian Beier
56%
D Yan Couto
56%
M Pascal Groß
54%
M Felix Nmecha
53%
G Alexander Meyer
50%
M Giovanni Reyna
50%
A Julien Duranville
50%
G Marcel Lotka
30%
A Sébastien Haller
26%
M Kjell Wätjen
20%
D Almugera Kabar
17%
A Cole Campbell
13%
Aucun quiz correspondant
Distribution des résultats
% des personnes avec chaque résultat
Percentile par nombre de réponses
Votre historique - résultats
Vous n’avez pas pris ce quiz depuis la dernière actualisation